000 00409nam a2200169Ia 4500
001 17640
005 20260306171532.0
008 260306s9999||||xx |||||||||||||| ||und||
041 _aESP
082 _a658.10985
_bH21
110 _aHandong Global University
245 0 _aNGET :
_blecture note
300 _a70 hojas sin numerar :
_c30 cm.
650 _aGEN
654 _aCAN
942 _cLIB
_dJUS
_fJUS
_2ddc
_n
999 _c17640
_d17640